000
00355nam a2200157Ia 4500
008
100122s9999 xx 000 0 und d
082
_b
75803
_a
823.08
100
_a
दिवाण वृंदा
245
_a
सौदा
250
_a
1
260
_c
2008
300
_a
158
630
_a
सौदा
730
_a
सौदा
942
_c
BOOK
999
_c
391963
_d
391960